000 01337nam a2200337Ia 4500
001 ebr10616915
003 CaPaEBR
006 m u
007 cr cn|||||||||
008 100802s2010 cc a sb 001 0 eng
020 _z9789814298247 (hbk)
020 _z9789814298254
040 _aCaPaEBR
_cCaPaEBR
035 _a(OCoLC)820825850
050 1 4 _aHJ1401
_b.X8 2010eb
082 0 4 _a339.5230951
_222
100 1 _aXu, Xiongqi,
_d1972-
245 1 2 _aA study of the macroeconomic effects of China's fiscal deficits
_h[electronic resource] /
_cXu Xiongqi, Xie Fei.
260 _aHong Kong :
_bEnrich ;
_aLancaster :
_bGazelle [distributor],
_c2010.
300 _axiii, 221 p. :
_bill.
440 0 _aEnrich series on China's economic issues ;
_vv. 4
504 _aIncludes bibliographical references and index.
533 _aElectronic reproduction.
_bPalo Alto, Calif. :
_cebrary,
_d2011.
_nAvailable via World Wide Web.
_nAccess may be limited to ebrary affiliated libraries.
650 0 _aBudget deficits
_zChina.
650 0 _aDeficit financing
_zChina.
650 0 _aFiscal policy
_zChina.
655 7 _aElectronic books.
_2local
700 1 _aXie, Fei.
710 2 _aebrary, Inc.
856 4 0 _uhttp://site.ebrary.com/lib/rucke/Doc?id=10616915
_zAn electronic book accessible through the World Wide Web; click to view
999 _c54795
_d54795